[Event "Greek Team Championship"]
[Site "chess24.com"]
[Date "2017.07.07"]
[Round "6"]
[White "Papadoulis, Vasilis"]
[Black "Palaskos, Ahileas"]
[Result "1/2-1/2"]
[Board "4"]
[WhiteElo "1612"]
[WhiteCountry "GRE"]
[WhiteFideId "4219783"]
[WhiteEloChange "5"]
[BlackElo "1803"]
[BlackCountry "GRE"]
[BlackFideId "4218604"]
[BlackEloChange "-5"]

1. d4 {[%clk 1:30:30]} Nf6 {[%clk 1:30:30]} 2. Nf3 {[%clk 1:30:30]} e6 {[%clk
1:30:30]} 3. Bg5 {[%clk 1:30:30]} c5 {[%clk 1:30:30]} 4. e3 {[%clk 1:30:30]} b6
{[%clk 1:30:30]} 5. Nbd2 {[%clk 1:30:30]} cxd4 {[%clk 1:30:30]} 6. exd4 {[%clk
1:30:30]} Bb7 {[%clk 1:30:30]} 7. Be2 {[%clk 1:30:30]} Be7 {[%clk 1:30:30]} 8.
O-O {[%clk 1:30:30]} d6 {[%clk 1:30:30]} 9. c4 {[%clk 1:30:30]} Nbd7 {[%clk
1:30:30]} 10. b4 {[%clk 1:30:30]} O-O {[%clk 1:30:30]} 11. a3 {[%clk 1:30:30]}
Qc7 {[%clk 1:30:30]} 12. Rc1 {[%clk 1:30:30]} Rac8 {[%clk 1:30:30]} 13. Bd3
{[%clk 1:30:30]} Rfe8 {[%clk 1:30:30]} 14. Re1 {[%clk 1:30:30]} Qb8 {[%clk
1:30:30]} 15. Ne4 {[%clk 1:30:30]} Qa8 {[%clk 1:30:30]} 16. Nfd2 {[%clk 1:30:30]}
e5 {[%clk 1:30:30]} 17. Bxf6 {[%clk 1:30:30]} Nxf6 {[%clk 1:30:30]} 18. Nxf6+
{[%clk 1:30:30]} Bxf6 {[%clk 1:30:30]} 19. Ne4 {[%clk 1:30:30]} Bxe4 {[%clk
1:30:30]} 20. Bxe4 {[%clk 1:30:30]} Qb8 {[%clk 1:30:30]} 21. dxe5 {[%clk
1:30:30]} Bxe5 {[%clk 1:30:30]} 22. Qd3 {[%clk 1:30:30]} g6 {[%clk 1:30:30]} 23.
Bd5 {[%clk 1:30:30]} Kg7 {[%clk 1:30:30]} 24. g3 {[%clk 1:30:30]} Rc7 {[%clk
1:30:30]} 25. Re3 {[%clk 1:30:30]} Rce7 {[%clk 1:30:30]} 26. Rce1 {[%clk
1:30:30]} Qc7 {[%clk 1:30:30]} 27. b5 {[%clk 1:30:30]} Bf6 {[%clk 1:30:30]} 28.
Bc6 {[%clk 1:30:30]} Rxe3 {[%clk 1:30:30]} 29. fxe3 {[%clk 1:30:30]} Re7 {[%clk
1:30:30]} 30. e4 {[%clk 1:30:30]} 1/2-1/2

[Event "Greek Team Championship"]
[Site "chess24.com"]
[Date "2017.07.07"]
[Round "6"]
[White "Zgouletas, Ioannis"]
[Black "Nikolaou, Alexandros"]
[Result "0-1"]
[Board "8"]
[WhiteElo "1514"]
[WhiteCountry "GRE"]
[WhiteFideId "4289455"]
[WhiteEloChange "-9"]
[BlackElo "1540"]
[BlackCountry "GRE"]
[BlackFideId "4261674"]
[BlackEloChange "9"]

1. e4 {[%clk 1:30:56]} c5 {[%clk 1:30:56]} 2. Nf3 {[%clk 1:31:21]} Nc6 {[%clk
1:31:19]} 3. d4 {[%clk 1:30:58]} cxd4 {[%clk 1:31:44]} 4. Nxd4 {[%clk 1:31:21]}
g6 {[%clk 1:32:07]} 5. Be3 {[%clk 1:31:21]} Bg7 {[%clk 1:32:26]} 6. c3 {[%clk
1:26:09]} Nf6 {[%clk 1:32:14]} 7. f3 {[%clk 1:24:06]} O-O {[%clk 1:32:36]} 8. Qd2
{[%clk 1:24:08]} d5 {[%clk 1:27:27]} 9. exd5 {[%clk 1:18:31]} Nxd5 {[%clk
1:27:22]} 10. Nxc6 {[%clk 1:18:23]} bxc6 {[%clk 1:27:45]} 11. Bh6 {[%clk
1:18:14]} Bxh6 {[%clk 1:25:52]} 12. Qxh6 {[%clk 1:18:30]} Qb6 {[%clk 1:26:09]}
13. Qd2 {[%clk 0:54:56]} Rd8 {[%clk 1:26:09]} 14. Na3 {[%clk 0:54:56]} Ne3 {[%clk
1:26:09]} 15. Qe2 {[%clk 0:54:56]} Bf5 {[%clk 1:13:36]} 16. Nc4 {[%clk 0:54:56]}
Nxc4 {[%clk 1:13:23]} 17. Qxc4 {[%clk 0:54:13]} Qxb2 {[%clk 1:13:45]} 18. Rd1
{[%clk 0:54:13]} Rxd1+ {[%clk 1:14:03]} 19. Kxd1 {[%clk 0:54:15]} Rd8+ {[%clk
1:14:26]} 20. Qd4 {[%clk 0:54:21]} Rxd4+ {[%clk 1:14:48]} 21. cxd4 {[%clk
0:54:41]} Qxd4+ {[%clk 1:14:33]} 22. Kc1 {[%clk 0:54:43]} Qf2 {[%clk 1:14:46]}
23. Kd1 {[%clk 0:54:49]} Qxa2 {[%clk 1:15:06]} 0-1

[Event "Greek Team Championship"]
[Site "chess24.com"]
[Date "2017.07.07"]
[Round "6"]
[White "Karamanis, Ioannis-Marios"]
[Black "Papaioannou, Paris"]
[Result "1-0"]
[Board "9"]
[WhiteElo "1536"]
[WhiteCountry "GRE"]
[WhiteFideId "4289501"]
[WhiteEloChange "2"]
[BlackElo "1117"]
[BlackCountry "GRE"]
[BlackFideId "4289374"]
[BlackEloChange "-2"]

1. e4 {[%clk 1:30:57]} e5 {[%clk 1:30:49]} 2. Nf3 {[%clk 1:31:23]} Nc6 {[%clk
1:30:56]} 3. Bb5 {[%clk 1:31:43]} Nf6 {[%clk 1:30:52]} 4. d3 {[%clk 1:32:10]} d6
{[%clk 1:30:21]} 5. c3 {[%clk 1:32:24]} h6 {[%clk 1:29:52]} 6. O-O {[%clk
1:32:29]} Bg4 {[%clk 1:29:52]} 7. Nbd2 {[%clk 1:32:49]} Be7 {[%clk 1:29:28]} 8.
Re1 {[%clk 1:32:54]} O-O {[%clk 1:28:46]} 9. Nf1 {[%clk 1:32:54]} Re8 {[%clk
1:28:46]} 10. Ng3 {[%clk 1:32:52]} a6 {[%clk 1:19:01]} 11. Ba4 {[%clk 1:33:14]}
b5 {[%clk 1:18:48]} 12. Bc2 {[%clk 1:33:37]} Qd7 {[%clk 1:16:37]} 13. h3 {[%clk
1:26:48]} Bh5 {[%clk 1:12:11]} 14. Nxh5 {[%clk 1:18:16]} Nxh5 {[%clk 1:12:11]}
15. Nxe5 {[%clk 1:18:16]} Nxe5 {[%clk 1:12:11]} 16. Qxh5 {[%clk 1:18:16]} Qe6
{[%clk 1:12:11]} 17. d4 {[%clk 1:18:16]} Ng6 {[%clk 1:12:11]} 18. e5 {[%clk
1:18:16]} dxe5 {[%clk 1:01:24]} 19. Bxg6 {[%clk 1:18:26]} Qxg6 {[%clk 0:59:24]}
20. Qxg6 {[%clk 1:18:44]} fxg6 {[%clk 0:59:44]} 21. Rxe5 {[%clk 1:19:05]} Bd6
{[%clk 0:58:22]} 22. Rxe8+ {[%clk 1:19:09]} Rxe8 {[%clk 0:58:39]} 23. Be3 {[%clk
1:19:26]} Kf7 {[%clk 0:57:38]} 24. Re1 {[%clk 1:18:25]} Bf4 {[%clk 0:56:49]} 25.
Kf1 {[%clk 1:18:10]} Bd6 {[%clk 0:56:13]} 26. Bd2 {[%clk 1:18:17]} Rxe1+ {[%clk
0:55:34]} 27. Kxe1 {[%clk 1:18:44]} Ke6 {[%clk 0:55:16]} 28. Ke2 {[%clk 1:19:04]}
c6 {[%clk 0:54:26]} 29. Kd3 {[%clk 1:19:23]} Kd5 {[%clk 0:53:31]} 30. b3 {[%clk
1:19:22]} g5 {[%clk 0:50:34]} 31. c4+ {[%clk 1:19:21]} bxc4+ {[%clk 0:46:43]} 32.
bxc4+ {[%clk 1:19:46]} Ke6 {[%clk 0:46:59]} 33. Ke4 {[%clk 1:20:11]} Be7 {[%clk
0:45:45]} 34. Bc3 {[%clk 1:19:41]} g6 {[%clk 0:45:28]} 35. d5+ {[%clk 1:18:41]}
cxd5+ {[%clk 0:45:23]} 36. cxd5+ {[%clk 1:19:05]} Kd7 {[%clk 0:45:00]} 37. f3
{[%clk 1:15:58]} Bf8 {[%clk 0:43:30]} 38. Kd4 {[%clk 1:13:59]} Bg7+ {[%clk
0:43:17]} 39. Kc4 {[%clk 1:13:55]} Bxc3 {[%clk 0:43:11]} 40. Kxc3 {[%clk
1:44:52]} Kc7 {[%clk 1:12:54]} 41. Kc4 {[%clk 1:45:12]} Kd6 {[%clk 1:12:54]} 42.
Kd4 {[%clk 1:45:33]} h5 {[%clk 1:13:00]} 43. g4 {[%clk 1:45:37]} hxg4 {[%clk
1:12:53]} 44. fxg4 {[%clk 1:46:00]} a5 {[%clk 1:12:47]} 45. a4 {[%clk 1:46:23]}
Kc7 {[%clk 1:12:45]} 46. Kc5 {[%clk 1:46:49]} Kd7 {[%clk 1:12:44]} 47. d6 {[%clk
1:47:08]} Kc8 {[%clk 1:12:54]} 48. Kc6 {[%clk 1:47:35]} Kd8 {[%clk 1:12:12]} 49.
d7 {[%clk 1:47:59]} 1-0

[Event "Greek Team Championship"]
[Site "chess24.com"]
[Date "2017.07.07"]
[Round "6"]
[White "Balaskas, Nikolaos"]
[Black "Georganas, Panayotis"]
[Result "1/2-1/2"]
[Board "1"]
[WhiteElo "2160"]
[WhiteCountry "GRE"]
[WhiteFideId "4201434"]
[WhiteEloChange "-4"]
[BlackElo "2018"]
[BlackCountry "GRE"]
[BlackFideId "4269870"]
[BlackEloChange "4"]

1. e4 {[%clk 1:30:56]} e5 {[%clk 1:30:52]} 2. Nf3 {[%clk 1:31:04]} Nf6 {[%clk
1:31:12]} 3. Nxe5 {[%clk 1:30:28]} d6 {[%clk 1:31:37]} 4. Nf3 {[%clk 1:30:54]}
Nxe4 {[%clk 1:31:44]} 5. Nc3 {[%clk 1:30:37]} Nxc3 {[%clk 1:32:09]} 6. dxc3
{[%clk 1:31:04]} Be7 {[%clk 1:32:15]} 7. Be3 {[%clk 1:31:24]} O-O {[%clk
1:32:35]} 8. Qd2 {[%clk 1:31:49]} c5 {[%clk 1:32:56]} 9. O-O-O {[%clk 1:31:01]}
Be6 {[%clk 1:33:14]} 10. a3 {[%clk 1:30:20]} Nc6 {[%clk 1:29:42]} 11. Ng5 {[%clk
1:27:13]} Bf5 {[%clk 1:28:54]} 12. f3 {[%clk 1:19:45]} h6 {[%clk 1:29:07]} 13.
Nh3 {[%clk 1:16:31]} Ne5 {[%clk 1:27:38]} 14. Nf4 {[%clk 1:15:33]} Re8 {[%clk
1:26:08]} 15. Be2 {[%clk 1:03:40]} b5 {[%clk 1:26:08]} 16. Bxb5 {[%clk 1:03:40]}
Bd7 {[%clk 1:11:17]} 17. Bxd7 {[%clk 1:03:56]} Qxd7 {[%clk 1:11:44]} 18. b3
{[%clk 0:57:31]} c4 {[%clk 1:09:51]} 19. Kb2 {[%clk 0:23:44]} cxb3 {[%clk
1:07:34]} 20. cxb3 {[%clk 0:24:09]} Rab8 {[%clk 1:07:27]} 21. Qd5 {[%clk
0:15:31]} Rb5 {[%clk 1:07:46]} 22. Qe4 {[%clk 0:12:02]} f5 {[%clk 1:04:32]} 23.
Qd4 {[%clk 0:11:26]} Reb8 {[%clk 0:55:02]} 24. b4 {[%clk 0:10:54]} a5 {[%clk
0:54:46]} 25. Nd5 {[%clk 0:09:42]} axb4 {[%clk 0:54:07]} 26. axb4 {[%clk
0:10:05]} Qe6 {[%clk 0:48:31]} 27. Rhe1 {[%clk 0:05:35]} Bd8 {[%clk 0:46:51]} 28.
Bf4 {[%clk 0:04:58]} Qg6 {[%clk 0:43:03]} 29. Rd2 {[%clk 0:02:45]} Nf7 {[%clk
0:43:15]} 30. Ne7+ {[%clk 0:01:43]} Bxe7 {[%clk 0:43:38]} 31. Rxe7 {[%clk
0:02:07]} R5b7 {[%clk 0:42:50]} 32. Rxb7 {[%clk 0:02:11]} Rxb7 {[%clk 0:43:19]}
33. Qd5 {[%clk 0:02:00]} Rc7 {[%clk 0:42:42]} 34. Be3 {[%clk 0:01:20]} Kh7 {[%clk
0:42:00]} 35. Bb6 {[%clk 0:01:32]} Re7 {[%clk 0:42:18]} 36. g3 {[%clk 0:00:38]}
Re5 {[%clk 0:42:32]} 37. Qd3 {[%clk 0:00:51]} Re1 {[%clk 0:42:43]} 38. Bd4 {[%clk
0:01:08]} Qe6 {[%clk 0:40:50]} 39. g4 {[%clk 0:01:05]} g6 {[%clk 0:40:55]} 40.
gxf5 {[%clk 0:31:22]} gxf5 {[%clk 1:11:15]} 41. Rg2 {[%clk 0:29:31]} Ne5 {[%clk
1:11:34]} 42. Bxe5 {[%clk 0:29:48]} Qxe5 {[%clk 1:11:29]} 43. Qc4 {[%clk
0:24:56]} d5 {[%clk 1:11:21]} 44. Qa6 {[%clk 0:25:15]} Qe8 {[%clk 1:10:33]} 45.
Qa7+ {[%clk 0:23:44]} Re7 {[%clk 1:10:51]} 46. Re2 {[%clk 0:23:50]} Rxa7 {[%clk
1:11:09]} 47. Rxe8 {[%clk 0:24:13]} Rd7 {[%clk 1:11:25]} 48. Kc2 {[%clk 0:21:47]}
Kg6 {[%clk 1:11:45]} 49. Kd3 {[%clk 0:21:32]} Kg5 {[%clk 1:12:08]} 50. Kd4 {[%clk
0:19:49]} Kf4 {[%clk 1:12:26]} 51. Rf8 {[%clk 0:18:50]} h5 {[%clk 1:11:47]} 52.
b5 {[%clk 0:19:03]} Rb7 {[%clk 1:11:47]} 53. Kc5 {[%clk 0:19:09]} Rc7+ {[%clk
1:12:15]} 54. Kb4 {[%clk 0:14:31]} Rc4+ {[%clk 1:12:23]} 55. Kb3 {[%clk 0:14:21]}
Rc5 {[%clk 1:12:49]} 56. Kb4 {[%clk 0:05:43]} Rc4+ {[%clk 1:13:17]} 57. Kb3
{[%clk 0:05:25]} Rc5 {[%clk 1:13:42]} 1/2-1/2

[Event "Greek Team Championship"]
[Site "chess24.com"]
[Date "2017.07.07"]
[Round "6"]
[White "Hararis, Georgios"]
[Black "Kalogridakis, Georgios"]
[Result "0-1"]
[Board "2"]
[WhiteElo "1901"]
[WhiteCountry "GRE"]
[WhiteFideId "4254317"]
[WhiteEloChange "-4"]
[BlackElo "2116"]
[BlackCountry "GRE"]
[BlackFideId "4249666"]
[BlackEloChange "4"]

1. e4 {[%clk 1:29:15]} c5 {[%clk 1:30:14]} 2. Nf3 {[%clk 1:29:23]} d6 {[%clk
1:30:39]} 3. d4 {[%clk 1:29:51]} cxd4 {[%clk 1:31:04]} 4. Nxd4 {[%clk 1:30:19]}
Nf6 {[%clk 1:31:24]} 5. Nc3 {[%clk 1:30:43]} a6 {[%clk 1:31:51]} 6. Be2 {[%clk
1:31:10]} e6 {[%clk 1:32:15]} 7. O-O {[%clk 1:31:32]} Qc7 {[%clk 1:32:41]} 8. Kh1
{[%clk 1:31:57]} b5 {[%clk 1:31:53]} 9. f3 {[%clk 1:08:55]} Be7 {[%clk 1:27:09]}
10. Be3 {[%clk 1:08:55]} Bb7 {[%clk 1:27:09]} 11. Rf2 {[%clk 1:08:55]} b4 {[%clk
1:09:21]} 12. Na4 {[%clk 0:55:34]} Nbd7 {[%clk 1:03:58]} 13. c3 {[%clk 0:54:12]}
bxc3 {[%clk 0:48:09]} 14. Nxc3 {[%clk 0:51:51]} Rc8 {[%clk 0:47:09]} 15. Rc1
{[%clk 0:51:48]} Qb8 {[%clk 0:46:49]} 16. Nb3 {[%clk 0:48:04]} Bd8 {[%clk
0:25:21]} 17. Rf1 {[%clk 0:47:23]} O-O {[%clk 0:23:25]} 18. Qd2 {[%clk 0:45:08]}
Be7 {[%clk 0:12:39]} 19. Na5 {[%clk 0:43:55]} Rfd8 {[%clk 0:12:30]} 20. Nxb7
{[%clk 0:41:36]} Qxb7 {[%clk 0:12:57]} 21. Na4 {[%clk 0:34:43]} d5 {[%clk
0:10:23]} 22. Rxc8 {[%clk 0:32:43]} Rxc8 {[%clk 0:08:56]} 23. Qa5 {[%clk
0:26:25]} dxe4 {[%clk 0:04:56]} 24. Qxa6 {[%clk 0:25:08]} Qb8 {[%clk 0:03:33]}
25. fxe4 {[%clk 0:24:00]} Nxe4 {[%clk 0:02:34]} 26. Bf3 {[%clk 0:21:39]} Nef6
{[%clk 0:01:12]} 27. Nc3 {[%clk 0:17:57]} Nc5 {[%clk 0:00:50]} 28. Qe2 {[%clk
0:17:06]} Qb4 {[%clk 0:00:36]} 29. a3 {[%clk 0:17:14]} Qb3 {[%clk 0:00:40]} 30.
Bc1 {[%clk 0:11:49]} h6 {[%clk 0:00:47]} 31. Qd1 {[%clk 0:11:49]} Qc4 {[%clk
0:00:55]} 32. Be2 {[%clk 0:11:50]} Qh4 {[%clk 0:00:40]} 33. Be3 {[%clk 0:05:47]}
Nce4 {[%clk 0:00:41]} 34. Nxe4 {[%clk 0:04:33]} Nxe4 {[%clk 0:00:51]} 35. Rf4
{[%clk 0:03:05]} Ng3+ {[%clk 0:01:16]} 36. Kg1 {[%clk 0:03:28]} Qxf4 {[%clk
0:01:36]} 0-1

[Event "Greek Team Championship"]
[Site "chess24.com"]
[Date "2017.07.07"]
[Round "6"]
[White "Seretakis, Nikolas"]
[Black "Kiriakopoulos, Antonios"]
[Result "1-0"]
[Board "3"]
[WhiteElo "2095"]
[WhiteCountry "GRE"]
[WhiteFideId "4201493"]
[WhiteEloChange "4"]
[BlackElo "1859"]
[BlackCountry "GRE"]
[BlackFideId "4203933"]
[BlackEloChange "-4"]

1. e4 {[%clk 1:30:49]} c5 {[%clk 1:30:55]} 2. Nf3 {[%clk 1:30:55]} e6 {[%clk
1:31:13]} 3. d4 {[%clk 1:31:11]} cxd4 {[%clk 1:31:36]} 4. Nxd4 {[%clk 1:31:25]}
Nc6 {[%clk 1:31:52]} 5. Nc3 {[%clk 1:31:19]} Qc7 {[%clk 1:31:55]} 6. g3 {[%clk
1:30:33]} Nxd4 {[%clk 1:29:49]} 7. Qxd4 {[%clk 1:30:45]} a6 {[%clk 1:28:10]} 8.
Bf4 {[%clk 1:30:16]} Qc5 {[%clk 1:26:55]} 9. Qd3 {[%clk 1:19:37]} b5 {[%clk
1:05:44]} 10. Bg2 {[%clk 1:19:37]} Bb7 {[%clk 1:05:44]} 11. a3 {[%clk 1:19:37]}
d6 {[%clk 1:05:44]} 12. Rd1 {[%clk 1:06:03]} Rd8 {[%clk 1:05:34]} 13. O-O {[%clk
1:06:17]} Be7 {[%clk 1:05:38]} 14. Be3 {[%clk 0:58:17]} Qc7 {[%clk 1:01:36]} 15.
f4 {[%clk 0:50:01]} Nf6 {[%clk 1:01:06]} 16. Qe2 {[%clk 0:48:51]} O-O {[%clk
0:59:29]} 17. Kh1 {[%clk 0:47:45]} Nd7 {[%clk 0:58:11]} 18. Bd4 {[%clk 0:46:59]}
Rfe8 {[%clk 0:50:33]} 19. Qf2 {[%clk 0:46:09]} Rc8 {[%clk 0:49:18]} 20. f5 {[%clk
0:43:24]} e5 {[%clk 0:41:23]} 21. Be3 {[%clk 0:43:42]} Qc4 {[%clk 0:39:41]} 22.
Rfe1 {[%clk 0:38:29]} Nf6 {[%clk 0:38:37]} 23. Qe2 {[%clk 0:35:14]} Nxe4 {[%clk
0:32:38]} 24. Qxc4 {[%clk 0:29:21]} Rxc4 {[%clk 0:32:53]} 25. Nd5 {[%clk
0:26:04]} Bxd5 {[%clk 0:27:58]} 26. Rxd5 {[%clk 0:26:29]} Nf6 {[%clk 0:28:07]}
27. Rd2 {[%clk 0:26:35]} h6 {[%clk 0:23:15]} 28. c3 {[%clk 0:24:33]} Rb8 {[%clk
0:17:58]} 29. Ba7 {[%clk 0:24:20]} Rd8 {[%clk 0:18:02]} 30. Red1 {[%clk 0:20:06]}
h5 {[%clk 0:14:58]} 31. h3 {[%clk 0:20:14]} h4 {[%clk 0:13:40]} 32. g4 {[%clk
0:20:09]} Ne4 {[%clk 0:13:09]} 33. Rc2 {[%clk 0:17:54]} Bg5 {[%clk 0:11:17]} 34.
Kg1 {[%clk 0:18:03]} Rd7 {[%clk 0:09:04]} 35. Bb6 {[%clk 0:16:12]} Ng3 {[%clk
0:07:57]} 36. Bd5 {[%clk 0:15:05]} Rc8 {[%clk 0:08:06]} 37. Bf2 {[%clk 0:15:22]}
Bf4 {[%clk 0:08:14]} 38. Kg2 {[%clk 0:15:23]} Kh7 {[%clk 0:07:53]} 39. Kf3 {[%clk
0:14:52]} Kh6 {[%clk 0:07:13]} 40. c4 {[%clk 0:43:06]} bxc4 {[%clk 0:36:14]} 41.
Rxc4 {[%clk 0:43:19]} Rxc4 {[%clk 0:35:51]} 42. Bxc4 {[%clk 0:43:44]} Kg5 {[%clk
0:36:05]} 43. Be3 {[%clk 0:35:39]} e4+ {[%clk 0:29:56]} 44. Kf2 {[%clk 0:35:54]}
Rc7 {[%clk 0:29:53]} 45. b3 {[%clk 0:35:15]} Rc6 {[%clk 0:27:48]} 46. a4 {[%clk
0:34:06]} g6 {[%clk 0:24:00]} 47. fxg6 {[%clk 0:33:24]} Bxe3+ {[%clk 0:24:12]}
48. Kxe3 {[%clk 0:33:47]} Kxg6 {[%clk 0:23:56]} 49. Rd5 {[%clk 0:27:51]} Kf6
{[%clk 0:19:09]} 50. Ra5 {[%clk 0:22:48]} Rb6 {[%clk 0:18:39]} 51. Kf4 {[%clk
0:18:49]} Ke7 {[%clk 0:18:21]} 52. Ke3 {[%clk 0:14:48]} Kf6 {[%clk 0:16:17]} 53.
Rd5 {[%clk 0:15:01]} Ke7 {[%clk 0:16:21]} 54. Rd2 {[%clk 0:11:25]} Rc6 {[%clk
0:14:25]} 55. Rf2 {[%clk 0:08:12]} d5 {[%clk 0:12:36]} 56. Bxd5 {[%clk 0:08:11]}
Rc3+ {[%clk 0:12:54]} 57. Kd4 {[%clk 0:08:32]} Rd3+ {[%clk 0:12:39]} 58. Kc4
{[%clk 0:08:25]} f5 {[%clk 0:11:54]} 59. Ra2 {[%clk 0:02:13]} Kd6 {[%clk
0:11:29]} 60. Bb7 {[%clk 0:02:20]} Ke5 {[%clk 0:09:37]} 61. gxf5 {[%clk 0:02:34]}
Rd7 {[%clk 0:08:38]} 62. Bxa6 {[%clk 0:02:34]} e3 {[%clk 0:08:34]} 63. Kc5 {[%clk
0:02:18]} Rd2 {[%clk 0:07:57]} 64. Ra1 {[%clk 0:02:46]} Rc2+ {[%clk 0:08:16]} 65.
Bc4 {[%clk 0:02:36]} Nxf5 {[%clk 0:06:25]} 66. a5 {[%clk 0:02:33]} Nd6 {[%clk
0:06:16]} 67. a6 {[%clk 0:02:37]} Nxc4 {[%clk 0:06:01]} 68. bxc4 {[%clk 0:03:00]}
e2 {[%clk 0:05:07]} 69. a7 {[%clk 0:02:49]} Ra2 {[%clk 0:05:04]} 70. a8Q {[%clk
0:03:30]} Rxa8 {[%clk 0:05:04]} 71. Rxa8 {[%clk 0:03:30]} 1-0

[Event "Greek Team Championship"]
[Site "chess24.com"]
[Date "2017.07.07"]
[Round "6"]
[White "Salakas, Fotios"]
[Black "Vazelakis, Dimitrios"]
[Result "0-1"]
[Board "4"]
[WhiteElo "1596"]
[WhiteCountry "GRE"]
[WhiteFideId "4270185"]
[WhiteEloChange "-3"]
[BlackElo "1866"]
[BlackCountry "GRE"]
[BlackFideId "4203674"]
[BlackEloChange "3"]

1. d4 {[%clk 1:30:55]} d5 {[%clk 1:30:58]} 2. c4 {[%clk 1:31:18]} c6 {[%clk
1:31:25]} 3. Nf3 {[%clk 1:31:41]} Nf6 {[%clk 1:31:49]} 4. Qc2 {[%clk 1:31:27]}
dxc4 {[%clk 1:32:12]} 5. Qxc4 {[%clk 1:31:42]} Bg4 {[%clk 1:32:33]} 6. Ne5 {[%clk
1:29:44]} Be6 {[%clk 1:32:33]} 7. Qd3 {[%clk 1:25:11]} Nbd7 {[%clk 1:31:09]} 8.
Nxd7 {[%clk 1:20:46]} Bxd7 {[%clk 1:23:55]} 9. e4 {[%clk 1:20:54]} e6 {[%clk
1:24:08]} 10. Nc3 {[%clk 1:21:11]} Be7 {[%clk 1:24:02]} 11. Be2 {[%clk 1:20:54]}
O-O {[%clk 1:23:44]} 12. Bf4 {[%clk 1:20:53]} b5 {[%clk 1:23:44]} 13. Bf3 {[%clk
1:12:05]} b4 {[%clk 1:01:51]} 14. Ne2 {[%clk 1:08:19]} Qa5 {[%clk 1:00:53]} 15.
O-O {[%clk 1:05:11]} c5 {[%clk 0:55:56]} 16. Rfc1 {[%clk 0:48:44]} Rac8 {[%clk
0:41:46]} 17. dxc5 {[%clk 0:36:31]} Bxc5 {[%clk 0:37:20]} 18. Rxc5 {[%clk
0:29:17]} Qxc5 {[%clk 0:33:48]} 19. Bd6 {[%clk 0:29:45]} Qc2 {[%clk 0:33:37]} 20.
Qxc2 {[%clk 0:14:12]} Rxc2 {[%clk 0:34:05]} 21. Bxf8 {[%clk 0:14:33]} Kxf8 {[%clk
0:34:21]} 22. Nc1 {[%clk 0:14:55]} Bc6 {[%clk 0:16:47]} 23. e5 {[%clk 0:13:43]}
Nd5 {[%clk 0:14:49]} 24. a3 {[%clk 0:13:19]} bxa3 {[%clk 0:11:06]} 25. bxa3
{[%clk 0:13:43]} Nf4 {[%clk 0:11:09]} 26. Bxc6 {[%clk 0:12:01]} Rxc6 {[%clk
0:11:35]} 27. Nb3 {[%clk 0:10:00]} Nd3 {[%clk 0:08:35]} 28. Nd4 {[%clk 0:07:43]}
Rc5 {[%clk 0:07:40]} 29. Kf1 {[%clk 0:04:18]} Nxe5 {[%clk 0:07:39]} 30. Rb1
{[%clk 0:04:11]} Rc7 {[%clk 0:05:44]} 31. Re1 {[%clk 0:03:35]} Nd3 {[%clk
0:04:24]} 32. Rxe6 {[%clk 0:03:55]} Rc1+ {[%clk 0:04:28]} 33. Ke2 {[%clk
0:03:25]} fxe6 {[%clk 0:04:42]} 34. Kxd3 {[%clk 0:03:29]} Kf7 {[%clk 0:04:48]}
35. Nb5 {[%clk 0:03:39]} a6 {[%clk 0:04:05]} 36. Nd4 {[%clk 0:03:24]} Rg1 {[%clk
0:03:30]} 0-1

[Event "Greek Team Championship"]
[Site "chess24.com"]
[Date "2017.07.07"]
[Round "6"]
[White "Seretaki, Konstantina"]
[Black "Ispas, Eugenia"]
[Result "1-0"]
[Board "5"]
[WhiteElo "1572"]
[WhiteCountry "GRE"]
[WhiteFideId "4206215"]
[WhiteEloChange "9"]
[BlackElo "1534"]
[BlackCountry "GRE"]
[BlackFideId "4269900"]
[BlackEloChange "-9"]

1. d4 {[%clk 1:30:30]} d5 {[%clk 1:30:30]} 2. c4 {[%clk 1:30:30]} e6 {[%clk
1:30:30]} 3. Nc3 {[%clk 1:30:30]} Nf6 {[%clk 1:30:30]} 4. Bg5 {[%clk 1:30:30]}
Be7 {[%clk 1:30:30]} 5. e3 {[%clk 1:30:30]} O-O {[%clk 1:30:30]} 6. Nf3 {[%clk
1:30:30]} Ne4 {[%clk 1:30:30]} 7. Bxe7 {[%clk 1:30:30]} Qxe7 {[%clk 1:30:30]} 8.
Qc2 {[%clk 1:30:30]} Nxc3 {[%clk 1:30:30]} 9. Qxc3 {[%clk 1:30:30]} dxc4 {[%clk
1:30:30]} 10. Bxc4 {[%clk 1:30:30]} Nc6 {[%clk 1:30:30]} 11. O-O {[%clk 1:30:30]}
Qb4 {[%clk 1:30:30]} 12. Rac1 {[%clk 1:30:30]} Qxc3 {[%clk 1:30:30]} 13. Rxc3
{[%clk 1:30:30]} Ne7 {[%clk 1:30:30]} 14. Rfc1 {[%clk 1:30:30]} c6 {[%clk
1:30:30]} 15. Ne5 {[%clk 1:30:30]} Nd5 {[%clk 1:30:30]} 16. Rd3 {[%clk 1:30:30]}
f6 {[%clk 1:30:30]} 17. Nf3 {[%clk 1:30:30]} Bd7 {[%clk 1:30:30]} 18. a3 {[%clk
1:30:30]} Rac8 {[%clk 1:30:30]} 19. b4 {[%clk 1:30:30]} a6 {[%clk 1:30:30]} 20.
e4 {[%clk 1:30:30]} Ne7 {[%clk 1:30:30]} 21. Nd2 {[%clk 1:30:30]} Rc7 {[%clk
1:30:30]} 22. Ba2 {[%clk 1:30:30]} Nc8 {[%clk 1:30:30]} 23. d5 {[%clk 1:30:30]}
exd5 {[%clk 1:30:30]} 24. exd5 {[%clk 1:30:30]} Bf5 {[%clk 1:30:30]} 25. dxc6+
{[%clk 1:30:30]} Kh8 {[%clk 1:30:30]} 26. Rdc3 {[%clk 1:30:30]} b5 {[%clk
1:30:30]} 27. Nf3 {[%clk 1:30:30]} Ne7 {[%clk 1:30:30]} 28. Nd4 {[%clk 1:30:30]}
Rd8 {[%clk 1:30:30]} 29. Ne6 {[%clk 1:30:30]} Bxe6 {[%clk 1:30:30]} 30. Bxe6
{[%clk 1:30:30]} Rd6 {[%clk 1:30:30]} 31. Bd7 {[%clk 1:30:30]} Kg8 {[%clk
1:30:30]} 32. Kf1 {[%clk 1:30:30]} Kf8 {[%clk 1:30:30]} 33. Rc5 {[%clk 1:30:30]}
Ng6 {[%clk 1:30:30]} 34. Bf5 {[%clk 1:30:30]} Ne5 {[%clk 1:30:30]} 35. f4 {[%clk
1:30:30]} Ng6 {[%clk 1:30:30]} 36. g3 {[%clk 1:30:30]} Kg8 {[%clk 1:30:30]} 37.
Be4 {[%clk 1:30:30]} Ne7 {[%clk 1:30:30]} 38. R1c2 {[%clk 1:30:30]} g6 {[%clk
1:30:30]} 39. Kf2 {[%clk 1:30:30]} f5 {[%clk 1:30:30]} 40. Bf3 {[%clk 1:30:30]}
Kf7 {[%clk 1:30:30]} 41. h3 {[%clk 1:30:30]} h5 {[%clk 1:30:30]} 42. Ke3 {[%clk
1:30:30]} Ke6 {[%clk 1:30:30]} 43. g4 {[%clk 1:30:30]} hxg4 {[%clk 1:30:30]} 44.
hxg4 {[%clk 1:30:30]} Nd5+ {[%clk 1:30:30]} 45. Bxd5+ {[%clk 1:30:30]} Rxd5
{[%clk 1:30:30]} 46. gxf5+ {[%clk 1:30:30]} gxf5 {[%clk 1:30:30]} 47. Rxd5 {[%clk
1:30:30]} Kxd5 {[%clk 1:30:30]} 48. Rc5+ {[%clk 1:30:30]} Kd6 {[%clk 1:30:30]}
49. Rxf5 {[%clk 1:30:30]} Rxc6 {[%clk 1:30:30]} 50. Rf6+ {[%clk 1:30:30]} 1-0